01780nab a2200301uuc4500001000800000005001700008008004100025035001200066040001300078041000800091100004900099245006000148520069700208650004400905650002900949650002700978650002201005650002501027650001601052650001501068700004401083700004201127700004301169700004101212700004701253773011901300856005901419142918520240605090157.0151209e20131205 spa  a1429185 ccomduadb aspa10aAguirre Sepulveda, Jannet Fernanda4auteaut13aEl cuerpo habla, una propuesta artística para la vida3 aEl presente texto se propone hacer un breve recorrido por el trabajo realizado al interior del colectivo artístico El cuerpo habla, desde su inicio como taller complementario en la facultad de Artes de la Universidad DE Antioquia en 2003, hasta convertirse en proyecto de investigación, para transformarse en lo que ahora es: un colectivo artístico interdisciplinar que propende por el trabajo grupal, la práctica de una manifestación artística tan amplio espectro como la performance, y cuyos ejes temáticos transversales son el devenir, la resistencia, la noción de ritual ligada a la acción perfórmatica y la resignificación de la palabra "cuerpo" para acaecer carne. aColectivo artistico El Cuerpo que habla aInvestigación en artes aArte - Investigaciones aCuerpo en el arte aProyectos artisticos aPerformance 7aRituales210aRestrepo Rojas, Monica Milena4auteaut10aLoaiza Quiceno, Evelyn Joan4auteaut10aGalvis Orozco, Nora Gabriela4auteaut10aOrozco Posada, Juan Felipe4auteaut10aPaniagua Ramirez, Diana Carolina4auteaut0 tArtes : La Revista (Medellín)gVolumen 12, Número 19, Diciembre de 2013, p. 118-128w673573x1657-324202055954 uhttp://bibliotecadigital.udea.edu.co/handle/10495/6284